000
00246pab a2200109 454500
008
180718b xxu||||| |||| 00| 0 eng d
100
_a
Bidwai, Praful
245
_a
Point of no return
650
_a
Budget - India
773
_a
Mainstream
909
_a
2505
999
_c
2505
_d
2505